000
00286nam a22001337a 4500
008
170830b xxu||||| |||| 00| 0 eng d
020
_a
9781582974965
041
_a
eng
080
_a
070
100
_a
39
101
_a
MED
245
_a
WRITERS MARKET
_c
BREVER.R.L
942
_2
udc
_c
BK
999
_c
25563
_d
25563